| 000 | 01711nam a2200289Ia 4500 | ||
|---|---|---|---|
| 001 | H6570 | ||
| 003 | IT-RoPAU | ||
| 008 | 130308s9999 xx 000 0 und d | ||
| 040 | _aIT-RoPAU | ||
| 040 | _cIT-RoPAU | ||
| 041 | _aITALIANO | ||
| 100 | _aBargellini Piero | ||
| 100 | _gCodice Aut. SPICS: 58572 | ||
| 245 | _aBelvedere - Arte gotica - Panorama storico dell'arte | ||
| 245 | _bBelvedere - Arte gotica - Panorama Storico dell'arte | ||
| 250 | _a1a ed. | ||
| 260 | _aFIRENZE | ||
| 260 | _bVallecchi | ||
| 260 | _c1960 [1° Ed.:1960 - Ed.Ling.Originale:1960] | ||
| 300 | _a"370 p. (prefazione: no ; testo: 370 [pagine: 0-0])" | ||
| 500 | _a"Mura Aperte e Vita Movimentata. cattedrali Francesi e Architettura Cistercense. Giullare di Dio e Arte X Idioti. Chiesa di San Francesco e Piazza Coperta. pulpito Scolpito e sacra rappresentazione Pittorica. chiese Gemelle Epredicazione Fuor delle Mura. Confraternite Laicali e Arte rivelatrice Fatti della Fede. trionfo del Comune e Architettura Civile. Nicola e Giovanni Pisani, Arnolfo di cambio Colligiano. Bel San Giovanni e cenni di Pepo Detto Cimabue. Giotto di Bondone e sentimento Umano dell'arte . Duccio di Buoninsegna e Pittura Senese. Buonamico Buffalmacco e pittori minori D'Ogni Scuola. Fratelli Lorenzetti e sentimento della Natura. gotico Fiorito e Nuova Società Borghese. Duomo D'Orvieto e Diffusione gotico in Italia. Logge Aperte e Tabernacoli X le Vie. Camposanto di Pisa e Duomo di Milano. Indici: Riassunto del Volume; tavole a Colori; Illustrazioni in Nero; Nomi e Cose Notevoli." | ||
| 650 | _aSTORIA UNIVERSALE DELLE ARTI VISIVE | ||
| 650 | _eCodice materia Spics: 5009 | ||
| 942 | _cBK | ||
| 957 | _71 | ||
| 999 |
_c90619 _d90619 |
||
| 999 | _g1 | ||